000 00388nam a22001577a 4500
003 NUST
005 20260415145212.0
008 260415b ||||| |||| 00| 0 eng d
082 _a526.9
_bKEN
100 _aKenneth Field
_9134146
245 _aCartography /
_cKenneth Field.
260 _aUSA:
_bEsri Press
_c2018.
300 _a549 p ;
_c34.00
563 _aPaperback
942 _2ddc
_cBK
999 _c617089
_d617089